000 00619nam a22001817a 4500
005 20180820145829.0
010 _aENG-123740
020 _a9788170263067
_c995.00
035 _aEN-107272
037 _bDBAD/PUB.
082 _a954.61
100 _aHamilton, Farancis
245 _aAn account of the kingdom of nepal:
_cby Farancis Hamilton
_band of the territories annexed to this dominion by house of gorkha /
260 _aNew Delhi
_bHeritage Publishers
_c2018
270 _a19-A, Ansari Road, Daryaganj,
_bNew Delhi
_e110002
300 v _a314p.
_c21cm(Hb)
_bill.
942 _2ddc
_cEN
_mHAM
_h954.61
999 _c156113
_d156113